LEADER 01227cam0-22003371i-450- 001 990006310890403321 005 20081027150121.0 035 $a000631089 035 $aFED01000631089 035 $a(Aleph)000631089FED01 035 $a000631089 100 $a20000112d1982----km-y0itay50------ba 101 0 $aita 102 $aIT 105 $ay---n---001yy 200 1 $a<>sequestri di persona a scopo di estorsione terrorismo od eversione$e(artt. 2, 3 ter e 10 d.l. 21 marzo 1978 n. 59, convertito con modificazioni nella l. 18 maggio 1978 n. 191; art. unico l.30 dicembre 1980 n. 854; artt. 2 e 3 l. 29 maggio 1981 n. 304)$fAndrea Antonio Dalia$gappendice a cura di G. Conso 205 $a2. ed agg. ed ampl. 210 $aMilano$cGiuffrè$d1982 215 $a259 p.$d24 cm 225 1 $a<>legislazione dell'emergenza$v4 676 $a345 700 1$aDalia,$bAndrea Antonio$0226815 702 1$aConso,$bGiovanni 801 0$aIT$bUNINA$gRICA$2UNIMARC 901 $aBK 912 $a990006310890403321 952 $aCOLLEZ. 358 (5BIS)$b114058$fFGBC 952 $a5,1-204(5)$fDSPCP 959 $aDSPCP 996 $aSequestri di persona a scopo di estorsione terrorismo od eversione$9621759 997 $aUNINA LEADER 04831nam 2200661Ia 450 001 9910784542703321 005 20230617004914.0 010 $a1-280-96121-X 010 $a9786610961214 010 $a0-08-047072-6 035 $a(CKB)1000000000364646 035 $a(EBL)286731 035 $a(OCoLC)476038756 035 $a(SSID)ssj0000227410 035 $a(PQKBManifestationID)11198791 035 $a(PQKBTitleCode)TC0000227410 035 $a(PQKBWorkID)10264949 035 $a(PQKB)10711279 035 $a(MiAaPQ)EBC286731 035 $a(Au-PeEL)EBL286731 035 $a(CaPaEBR)ebr10167025 035 $a(CaONFJC)MIL96121 035 $a(EXLCZ)991000000000364646 100 $a20050812d2005 uy 0 101 0 $aeng 135 $aur|n|---||||| 181 $ctxt 182 $cc 183 $acr 200 10$aPrinciples of molecular virology$b[electronic resource] /$fAlan J. Cann 205 $a4th ed. 210 $aAmsterdam ;$aBoston $cElsevier Academic Press$dc2005 215 $a1 online resource (332 p.) 300 $aDescription based upon print version of record. 311 $a0-12-158535-2 311 $a0-12-088787-8 320 $aIncludes bibliographical references and index. 327 $aFront Cover; Principles of Molecular Virology; Copyright Page; Contents; Preface to the fourth edition; Preface to the third edition; Preface to the second edition; Preface to the first edition; Chapter 1. Introduction; Viruses are Distinct from Living Organisms; The History of Virology; Living Host Systems; Cell Culture Methods; Serological/Immunological Methods; Ultrastructural Studies; 'Molecular Biology'; Further Reading; Chapter 2. Particles; The Function and FormatIon of Virus Particles; Capsid Symmetry and Virus Architecture; Enveloped Viruses; Complex Virus Structures 327 $aProtein?nucleic Acid Interactions and Genome PackagingVirus Receptors: Recognition and Binding; Other Interactions of the Virus Capsid with the Host Cell; Summary; Further Reading; Chapter 3. Genomes; The Structure and Complexity of Virus Genomes; Molecular Genetics; Virus Genetics; Virus Mutants; Suppression; Genetic Interactions Between Viruses; Nongenetic Interactions Between Viruses; 'Large' DNA Genomes; 'Small' DNA Genomes; Positive-Strand RNA Viruses; Negative-Strand RNA Viruses; Segmented and Multipartite Virus Genomes; Reverse Transcription and Transposition 327 $aEvolution and EpidemiologySummary; Further Reading; Chapter 4. Replication; Overview of Virus Replication; Investigation of Virus Replication; The Replication Cycle; Summary; Further Reading; Chapter 5. Expression; Expression of Genetic Information; Control of Prokaryote Gene Expression; Control of Expression in Bacteriophage ?; Control of Eukaryote Gene Expression; Transcriptional Control of Expression; Posttranscriptional Control of Expression; Summary; Further Reading; Chapter 6. Infection; Virus Infections of Plants; Immune Responses to Virus Infections in Animals; Viruses and Apoptosis 327 $aInterferonsEvasion of Immune Responses by Viruses; Virus?host Interactions; The Course of Virus Infections; Virus Vectors and Gene Therapy; Chemotherapy of Virus Infections; Summary; Further Reading; Chapter 7. Pathogenesis; Mechanisms of Cellular Injury; Viruses and Immunodeficiency; Virus-Related Diseases; Bacteriophages and Human Disease; Cell Transformation by Viruses; Viruses and Cancer; New and Emergent Viruses; Zoonoses; Bioterrorism; Summary; Further Reading; Chapter 8. Subviral Agents: Genomes Without Viruses, Viruses Without Genomes; Satellites and Viroids; Prions; Summary 327 $aFurther ReadingAppendix 1. Glossary And Abbreviations; Appendix 2. Classification of Subcellular Infectious Agents; Appendix 3. The History Of Virology; Index 330 $aPrinciples of Molecular Virology, Fourth Edition provides an essential introduction to modern virology in a clear and concise manner. It is a highly enjoyable and readable text with numerous illustrations that enhance the reader's understanding of important principles.* New material on virus structure, virus evolution, zoonoses, bushmeat, SARS and bioterrorism * Standard version includes CD-ROM with FLASH animations, virtual interactive tutorials and experiments, self-assessment questions, useful online resources, along with the glossary, classification of subcellular infect 606 $aMolecular virology 606 $aVirology 615 0$aMolecular virology. 615 0$aVirology. 676 $a579 676 $a579.2 676 $a579.2 21 700 $aCann$b Alan$01528714 801 0$bMiAaPQ 801 1$bMiAaPQ 801 2$bMiAaPQ 906 $aBOOK 912 $a9910784542703321 996 $aPrinciples of molecular virology$93772547 997 $aUNINA LEADER 02753nam 22005052 450 001 9910955329703321 005 20251019235410.0 010 $a9789004473324 010 $a9004473327 024 7 $a10.1163/9789004473324 035 $a(MiAaPQ)EBC6808322 035 $a(Au-PeEL)EBL6808322 035 $a(CKB)19919738800041 035 $a(nllekb)BRILL9789004473324 035 $a(PPN)263636704 035 $a(EXLCZ)9919919738800041 100 $a20200716d2022 uy 0 101 0 $aeng 135 $aurcnu|||||||| 181 $ctxt$2rdacontent 182 $cc$2rdamedia 183 $acr$2rdacarrier 200 00$aDeterminers and Quantifiers $eFunctions, Variation, and Change /$fedited by Chiara Gianollo, Klaus von Heusinger, Maria Napoli 210 1$aLeiden; $aBoston :$cBRILL,$d2022. 215 $a1 online resource (333 pages) 225 1 $aSyntax and Semantics ;$v44 311 08$a9789004473317 311 08$a9004473319 320 $aIncludes bibliographical references and index. 327 $aReference and quantification in nominal phrases: the current landscape and the way ahead / Chiara Gianollo, Klaus von Heusinger and Maria Napoli -- Definite plural generics in English: evidence from de-adjectival nominalization / Artemis Alexiadou -- Quantification and classification in romance plural indefinites: from number to seinsart? / Mario Squartini -- Topics and the interpretation of referential null subjects / Manuel Leonetti -- Specificity and questions of specification / Edgar Onea -- Being bare: a survey of quantifier positions / Cecilia Poletto -- Indefinites as fossils: the case of wh-based free choice / Maria Aloni -- The evaluative meaning of the indefinite qualunque in (old) Italian / Olga Kellert -- Bare and indefinite nominal predicates in the history of German / Svetlana Petrova. 330 $aThis volume explores the interface between morphosyntax and semantics-pragmatics in the domain of referential and quantificational nominal expressions. We present case studies from Romance and Germanic languages, dealing with both synchronic and diachronic aspects. Our aim is to empirically test, on the basis of comparative data, the most recent theoretical developments in the analysis of reference and quantification and to identify focal points for future research. 410 0$aSyntax and Semantics ;$v44. 517 3 $aFunctions, Variation, and Change 606 $aSemantics 615 0$aSemantics. 676 $a415 702 $aNapoli$b Maria 702 $aGianollo$b Chiara 702 $aHeusinger$b Klaus von 801 0$bNL-LeKB 801 1$bNL-LeKB 906 $aBOOK 912 $a9910955329703321 996 $aDeterminers and quantifiers$93948435 997 $aUNINA